Narnia- Unscramble the Words! - Statistics

General Stats
  • This quiz has been taken 605 times
  • The average score is 9 of 10
Answer Stats
Hint Answer % Correct
clyu Lucy
98%
tepre Peter
98%
sasun Susan
97%
iarnan Narnia
94%
medudn Edmund
92%
lsana Aslan
91%
pscaain Caspian
85%
tehiwictwh White Witch
84%
viesenpe Pevensie
68%
usactee Eustace
54%
No matching quizzes found
Score Distribution
Percent of People with Each Score
Percentile by Number Answered
Your Score History
You have not taken this quiz